000 00721nam a2200289Ia 4500
005 20260324131113.0
008 008 260324s9999 xx 000 0 eng d
020 _a9781315820897
037 _aEBOOK
040 _aCRL
040 _beng
040 _cCRL
041 _2eng
041 _aeng
084 _qCRL
100 _aKatherine D. Arbuthnott; Dennis W. Arbuthnott; Valerie A. Thompson
_91184229
245 4 _aThe Mind in Therapy
245 0 _bCognitive Science for Practice
260 _bTaylor and Francis
260 _c2006
365 _a
365 _b135
856 _uhttp://www.taylorfrancis.com/books/9781315820897
942 _cEBOOK
999 _c1781096
_d1781096